000 00843nam a2200253 a 4500
001 BRCA_4994
005 20190320204908.0
008 281010s1947----u--a######---#000-0#eng-#
041 _aeng
044 _au
050 4 _aN6370
_b.B45 1947
100 1 _aBenesch, Otto
_912725
245 1 0 _aThe Art of the Renaissence in Northern Europe
_bits relation to the Contemporary Spiritual and Intellectual Movements
_cby Otto Benesch.
250 _a2
260 _aCambridge, Massachusetts
_bHarvard University
_c1947
300 _axiv, 174 p.
_bil., 80 láminas
_c24 cm.
500 _aIncluye índice de ilustraciones, notas generales de los capítulos e índice analítico
500 _aD101
650 1 4 _aArte renacentista
_97760
650 1 4 _aArte
_zEuropa
_97953
650 1 4 _aRenacimiento
_zEuropa
_912726
902 _aGFM
942 _2lcc
_cB
999 _c4688
_d4688